Técnicas del guión para cine y televisión.

Na minha lista:
Detalhes bibliográficos
Autor principal: Vale, Eugene (autor)
Formato: Livro
Idioma:espanhol
Publicado em: Barcelona, España: Gedisa, 1985.
Edição:Primera edición.
Colecção:Serie Multimedia / cine y tv.
Assuntos:
Tags: Adicionar Tag
Sem tags, seja o primeiro a adicionar uma tag!

MARC

LEADER 00000cam a2200000 a 4500
001 UCW0183
003 CL-VaPUC
005 20250407202429.0
008 900823e19850000SP |||||||||||||||||spa|d
999 |c 215414  |d 215412 
020 |a 8474322235 
040 |c Pontificia Universidad Católica de Valparaíso 
082 0 4 |a 791.437 VAL 1985  |2 21 
100 0 |a Vale, Eugene  |e autor  |9 304145 
245 1 0 |a Técnicas del guión para cine y televisión. 
250 |a Primera edición.  
260 |a Barcelona, España:  |b Gedisa,  |c 1985. 
300 |a 197 páginas. 
490 |a Serie Multimedia / cine y tv. 
500 |a c.5.-c.7. Instituto Arcos 8-1-2025.  
583 |a last modification  |c 20130306 02:40:34  |k Rodrigo Vera 
650 0 |a Guionista (Cine)  |9 269267 
650 0 |a Guionista (Televisión)  |9 269268 
650 0 |a Guiones  |x Cine   |x Televisión   |x Técnicas  |9 896398 
942 |c BK  |2 ddc  |n 0 
945 |d 19900823 00:00:00 
952 |0 0  |1 0  |4 0  |6 791_437000000000000_VAL_1985  |7 0  |8 R  |9 199689  |a BIBART  |b BIBART  |d 2019-11-14  |i 2669439  |o 791.437 VAL 1985  |p 2669439  |r 2025-03-13  |w 2019-11-14  |y BK_R  |k ART 
952 |0 0  |1 0  |4 0  |6 791_437000000000000_VAL_1985  |7 0  |8 A  |9 199690  |a BIBCUR  |b BIBCUR  |d 2019-11-14  |i 4573250  |o 791.437 VAL 1985  |p 4573250  |r 2025-04-22  |w 2019-11-14  |y BK  |k PER 
952 |0 0  |1 0  |4 0  |6 791_437000000000000_VAL_1985  |7 0  |8 A  |9 199691  |a BIBING  |b BIBING  |d 2019-11-14  |i 487417K  |o 791.437 VAL 1985  |p 487417K  |r 2025-01-20  |w 2019-11-14  |y BK  |k CUI 
952 |0 0  |1 0  |4 0  |6 791_437000000000000_VAL_1985  |7 0  |8 A  |9 199692  |a BIBING  |b BIBING  |d 2019-11-14  |i 4874188  |l 2  |m 3  |o 791.437 VAL 1985  |p 4874188  |r 2025-01-20  |s 2023-04-03  |w 2019-11-14  |y BK  |k CUI 
952 |0 0  |1 0  |2 ddc  |4 0  |6 791_437000000000000_VAL_1985  |7 0  |8 A  |9 600739  |a BIBINC  |b BIBINC  |d 2025-03-07  |e Instituto Arcos   |i 5665649  |o 791.437 VAL 1985  |p 5665649  |r 2025-03-07  |t 6  |w 2025-03-07  |y BK  |k IFP 
952 |0 0  |1 0  |2 ddc  |4 0  |6 791_437000000000000_VAL_1985  |7 0  |8 A  |9 600740  |a BIBINC  |b BIBINC  |d 2025-03-07  |e Instituto Arcos   |i 5665648  |o 791.437 VAL 1985  |p 5665648  |r 2025-03-07  |t 5  |w 2025-03-07  |y BK  |k IFP 
952 |0 0  |1 0  |2 ddc  |4 0  |6 791_437000000000000_VAL_1985  |7 0  |8 A  |9 600741  |a BIBINC  |b BIBINC  |d 2025-03-07  |e Instituto Arcos   |i 5665650  |o 791.437 VAL 1985  |p 5665650  |r 2025-03-07  |t 7  |w 2025-03-07  |y BK  |k IFP